00773cam a2200241 4500001000700000003000400007005001700011008004100028010001400069020001500083040002000098082001400118245009100132260005700223300001800280350001000298500012100308650002600429650001100455700002500466700002100491700001900512286868OSt20190108164248.0720327s1972 miu 000 0 eng  a75-184698 a0802814352 aDLC cDLC dm/c a262bE26W00aWho in the world?cEdited by Clifford Christians, Earl J. Schipper [and] Wesley Smedes aGrand Rapids, Mich.,bW. B. Eerdmans Pub. Co.cc1972 a163 p.c21 cm a$1.95 aBased on papers presented at a conference called by the Home Missions Board of the Christian Reformed Church in 1970 0aMission of the church 0aChurch10aChristians, Clifford10aSchipper, Earl J10aSmedes, Wesley